[Event "Sousse BICA op 1st"]
[Site "Sousse"]
[Date "2021.12.27"]
[Round "6"]
[White "Schekachikhin, Maksim"]
[Black "Antony, Jesumarian Leslie"]
[Result "1-0"]
[WhiteElo "2430"]
[BlackElo "1657"]
[PlyCount "81"]
[EventDate "2021.12.24"]
[EventType "swiss"]
[EventRounds "9"]
[EventCountry "TUN"]
[SourceTitle "CBM 205 Extra"]
[Source "ChessBase"]
[SourceDate "2022.01.31"]
[SourceVersion "1"]
[SourceVersionDate "2022.01.31"]
[SourceQuality "1"]

1. d4 Nf6 2. Nf3 g6 3. Bg5 Bg7 4. Nbd2 d5 5. e3 0-0 6. Bd3 c5 7. c3 Nc6 8. 0-0 Bf5 9. Bxf5 gxf5 10. dxc5 Ne4 11. Nxe4 fxe4 12. Nd4 Qd7 13. f3 f5 14. fxe4 fxe4 15. Qh5 e5 16. Nxc6 bxc6 17. Bh6 Qe7 18. h3 Kh8 19. Bxg7+ Qxg7 20. Qh4 Rf3 21. Rxf3 exf3 22. Qg4 Qxg4 23. hxg4 fxg2 24. Kxg2 e4 25. Rc1 Rg8 26. c4 dxc4 27. Rxc4 Rxg4+ 28. Kh3 Rg5 29. b4 Re5 30. Kg4 Kg7 31. Kf4 Kf6 32. Rd4 Re6 33. Rd8 h5 34. a4 h4 35. Rh8 Kg7 36. Rxh4 a5 37. b5 cxb5 38. axb5 a4 39. c6 a3 40. c7 a2 41. Rh1 1-0

[Event "Chennai op 11th"]
[Site "Chennai"]
[Date "2019.01.18"]
[Round "1"]
[White "Deviatkin, Andrei"]
[Black "Antony, Jesumarian Leslie"]
[Result "1-0"]
[WhiteElo "2461"]
[BlackElo "1585"]
[PlyCount "91"]
[EventDate "2019.01.18"]
[EventType "swiss"]
[EventRounds "10"]
[EventCountry "IND"]
[SourceTitle "CBM 188 Extra"]
[Source "ChessBase"]
[SourceDate "2019.02.26"]
[SourceVersion "1"]
[SourceVersionDate "2019.02.26"]
[SourceQuality "1"]

1. e4 e5 2. Nf3 Nc6 3. Bb5 a6 4. Bxc6 dxc6 5. 0-0 Bg4 6. h3 h5 7. d3 Qf6 8. Be3 Bxf3 9. Qxf3 Qxf3 10. gxf3 0-0-0 11. Nd2 Bd6 12. Rfb1 Ne7 13. b4 f6 14. Kf1 g5 15. Ke2 Ng6 16. a4 b6 17. a5 b5 18. c3 Nf4+ 19. Bxf4 gxf4 20. c4 Kb7 21. c5 Be7 22. Nb3 Rhg8 23. Rg1 Rg5 24. Rad1 Rdg8 25. Rxg5 Rxg5 26. d4 Kc8 27. Nc1 h4 28. Nd3 Kb7 29. Kf1 Kc8 30. Ne1 Bf8 31. Ng2 Rh5 32. Ke2 Bh6 33. Rg1 Kd7 34. Ne1 Rg5 35. Rg4 Rxg4 36. fxg4 Ke6 37. Nf3 exd4 38. Nxd4+ Ke5 39. Kd3 Bg5 40. Nxc6+ Ke6 41. Nd4+ Ke5 42. Nxb5 axb5 43. a6 f3 44. a7 c6 45. a8Q Kf4 46. Qb8# 1-0

[Event "Mumbai Wealth op"]
[Site "Mumbai"]
[Date "2016.02.04"]
[Round "8"]
[White "Antony, Jesumarian Leslie"]
[Black "Omkar, Paldhe"]
[Result "1-0"]
[WhiteElo "1316"]
[BlackElo "1382"]
[PlyCount "31"]
[EventDate "2016.01.28"]
[EventType "swiss"]
[EventRounds "9"]
[EventCountry "IND"]
[SourceTitle "CBM 170 Extra"]
[Source "ChessBase"]
[SourceDate "2016.02.25"]
[SourceVersion "1"]
[SourceVersionDate "2016.02.25"]
[SourceQuality "1"]

1. e4 c6 2. Nf3 d5 3. exd5 cxd5 4. Ne5 Nf6 5. d4 e6 6. f4 Bd6 7. Nd2 0-0 8. Bd3 b6 9. 0-0 Bb7 10. Qe2 Nc6 11. c3 g6 12. Rf3 Nh5 13. g4 Nf6 14. Rh3 Kg7 15. Rxh7+ Kg8 16. Nxg6 1-0

[Event "Mumbai Wealth op"]
[Site "Mumbai"]
[Date "2016.01.29"]
[Round "2"]
[White "Bhogal, Rupesh"]
[Black "Antony, Jesumarian Leslie"]
[Result "1-0"]
[WhiteElo "1730"]
[BlackElo "1316"]
[PlyCount "53"]
[EventDate "2016.01.28"]
[EventType "swiss"]
[EventRounds "9"]
[EventCountry "IND"]
[SourceTitle "CBM 170 Extra"]
[Source "ChessBase"]
[SourceDate "2016.02.25"]
[SourceVersion "1"]
[SourceVersionDate "2016.02.25"]
[SourceQuality "1"]

1. e4 c6 2. d4 d5 3. exd5 cxd5 4. c4 Nf6 5. Nc3 g6 6. Bg5 Bg7 7. Bxf6 Bxf6 8. Nxd5 Bg7 9. Nf3 Nc6 10. Be2 e6 11. Nc3 Nxd4 12. Nxd4 Qxd4 13. Qb3 0-0 14. Rd1 Qe5 15. 0-0 a6 16. Bf3 Qc7 17. Rd3 Rb8 18. Rfd1 b6 19. h3 Be5 20. Ne2 b5 21. c5 Qxc5 22. Nd4 Bb7 23. Nxe6 fxe6 24. Qxe6+ Kh8 25. Rd5 Bxd5 26. Qxe5+ Kg8 27. Bxd5+ 1-0